University Home | Library Home | Institutional Repository

Life : (Record no. 207648)

MARC details
000 -LEADER
fixed length control field 00891 a2200217 4500
005 - DATE AND TIME OF LATEST TRANSACTION
control field 20220208110035.0
008 - FIXED-LENGTH DATA ELEMENTS--GENERAL INFORMATION
fixed length control field 211021b ||||| |||| 00| 0 eng d
020 ## - INTERNATIONAL STANDARD BOOK NUMBER
International Standard Book Number 9780716776710
040 ## - CATALOGING SOURCE
Original cataloging agency LC
Transcribing agency UNZA
Description conventions RDA
050 ## - LIBRARY OF CONGRESS CALL NUMBER
Classification number QH 308.2
Item number LIF 2007.
245 ## - TITLE STATEMENT
Title Life :
Remainder of title the science of biology /
Statement of responsibility, etc. David Sadava, The claremeont Colleges Claremont, California; H. Craig Heller, Stanford University Stanford, California; Gordon H. Orians, Emeritus, University of Washington Seattle, Washington [and 2 others].
250 ## - EDITION STATEMENT
Edition statement Eighth edition.
260 ## - PUBLICATION, DISTRIBUTION, ETC.
Place of publication, distribution, etc. Sunderland, MA :
Name of publisher, distributor, etc. Sinauer Associates,
Date of publication, distribution, etc. 2008.
300 ## - PHYSICAL DESCRIPTION
Extent xxxv,1251 pages [and various pages] :
Other physical details illustrations.
504 ## - BIBLIOGRAPHY, ETC. NOTE
Bibliography, etc. note Includes bibliographical references and index.
650 ## - SUBJECT ADDED ENTRY--TOPICAL TERM
Topical term or geographic name entry element Biology.
700 ## - ADDED ENTRY--PERSONAL NAME
Personal name Sadava, David
Relator term author
700 ## - ADDED ENTRY--PERSONAL NAME
Personal name Heller, H. Craig
Relator term author
700 ## - ADDED ENTRY--PERSONAL NAME
Personal name Orians, Gordon H.
Relator term author
999 ## -
-- 207648
-- 207648
942 ## - ADDED ENTRY ELEMENTS (KOHA)
Koha item type Book
Holdings
Withdrawn status Lost status Source of classification or shelving scheme Damaged status Not for loan Collection code Home library Current library Shelving location Date acquired Source of acquisition Total Checkouts Full call number Barcode Date last seen Date last checked out Copy number Cost, replacement price Price effective from Koha item type
    Library of Congress Classification     Non-fiction Main Library Main Library On Shelf 09/09/2021 Donation 2 QH 308 .2 LIF 2007 33729001692594 04/15/2025 04/04/2025 1 300.00 09/09/2021 Book
© 2026 - The University of Zambia Library - Koha v25.11